ბათუმის შოთა რუსთაველის სახელმწიფო უნივერსიტეტის ბიბლიოთეკა

თანამედროვე ანტიმარქსისტული ეკონომიკური თეორიების კრიტიკა : (ბიბ.ჩანაწერი № 64043)

000 -ლიდერი
ფიქსირებული სიგრძის საკონტროლო ველი 01308nam a22002057a 4500
003 - საკონტროლო ნომრის იდენტიფიკატორი
საკონტროლო ველი Ge_BSU
005 - ბოლო ოპერაციის თარიღი და დრო
საკონტროლო ველი 20260316113447.0
008 - ფიქსირებული სიგრძის მონაცემთა ელემენტები - ზოგადი ინფორმაცია
ფიქსირებული სიგრძის საკონტროლო ველი 260316s1971 ge ||||| |||| 00| 0 geo d
041 ## - ენის კოდი
Language code of text/sound track or separate title geo
080 ## - უნივერსალური ათობითი კლასიფიკაციის ინდექსი
Universal Decimal Classification number 330.8 ჭ-17
100 ## - მთავარი ჩანაწერი - პიროვნების სახელი
Personal name ჭანუყვაძე, გივი
9 (RLIN) 27139
245 ## - ცნობა სათაურის შესახებ
Title თანამედროვე ანტიმარქსისტული ეკონომიკური თეორიების კრიტიკა :
Remainder of title პარტიული სწავლების უმაღლესი რგოლის მსმენელთა დასახმარებლად /
Statement of responsibility, etc გივი ჭანუყვაძე, რევაზ კაკულია, იგორ კრავცოვი.
264 ## - წარმოების, გამოცემის, დისტრიბუციის და სხვა ცნობები
გამოცემის, წარმოების, დისტრიბუციის... ადგილი თბილისი :
გამოცემის, წარმოების, დისტრიბუციის... სახელწოდება საბჭ. საქართველო,
გამოცემის, წარმოების, დისტრიბუციის... თარიღი 1971.
300 ## - ფიზიკური აღწერა
Extent 115 გვ. ;
Other physical details 20 სმ.
504 ## - BIBLIOGRAPHY, ETC. NOTE
Bibliography, etc ბიბლიოგრაფია ყოველი თავის შემდეგ.
653 ## - INDEX TERM--UNCONTROLLED
Uncontrolled term ანტიმარქსისტული ეკონომიკური თეორიები
700 ## - ADDED ENTRY--PERSONAL NAME
Personal name კაკულია, რევაზ
Relator term ავტორი
9 (RLIN) 751
700 ## - ADDED ENTRY--PERSONAL NAME
Personal name კრავცოვი, იგორ
Relator term ავტორი
9 (RLIN) 27140
942 ## - ADDED ENTRY ELEMENTS (KOHA)
Source of classification or shelving scheme
Koha item type წიგნი
ეგზემპლარები
ჩამოწერის სტატუსი დაკარგული ეგზემპლარის სტატუსი კლასიფიკაციის წყარო ან თაროზე გაწყობის სქემა დაზიანების სტატუსი არ გაიცემა მუდმივი მდებარეობა (დაცვის ადგილი) ამჟამინდელი ადგილსამყოფელი თაროზე განთავსების ადგილი შეძენის თარიღი ღირებულება, შესყიდვის ნორმალური ფასი სრული შენახვის შიფრი შტრიხკოდი ბოლო ოპერაციის თარიღი ეგზემპლარის მიმდევრობითი ნომერი (კეტერი?) ფასის ძალაში შესვლის თარიღი ეგზემპლარის სახეობა საჯარო შენიშვნა
          ბათუმის შოთა რუსთაველის სახელმწიფო უნივერსიტეტის მთავარი ბიბლიოთეკა ბათუმის შოთა რუსთაველის სახელმწიფო უნივერსიტეტის მთავარი ბიბლიოთეკა წიგნსაცავი 2026-03-16 0.24 330.8 ჭ-17 73941 2026-03-16 73941 2026-03-16 წიგნი 0.24 თ.
          ბათუმის შოთა რუსთაველის სახელმწიფო უნივერსიტეტის მთავარი ბიბლიოთეკა ბათუმის შოთა რუსთაველის სახელმწიფო უნივერსიტეტის მთავარი ბიბლიოთეკა წიგნსაცავი 2026-03-16 0.24 330.8 ჭ-17 73940 2026-03-16 73940 2026-03-16 წიგნი 0.24 თ.
          ბათუმის შოთა რუსთაველის სახელმწიფო უნივერსიტეტის მთავარი ბიბლიოთეკა ბათუმის შოთა რუსთაველის სახელმწიფო უნივერსიტეტის მთავარი ბიბლიოთეკა წიგნსაცავი 2026-03-16 0.24 330.8 ჭ-17 73939 2026-03-16 73939 2026-03-16 წიგნი 0.24 თ.